Risultati Serie A 2023-2024 - 29ª giornata - Statistics

Statistiche generali
  • Questo quiz è stato fatto 5 volte
  • Il punteggio medio è 4 su 10
Statistiche sulle risposte
Hint Risposta % Corretto
Inter-Napoli 1-1
75%
Verona-Milan 1-3
75%
Monza-Cagliari 1-0
50%
Atalanta-Fiorentina 2-3
50%
Frosinone-Lazio 2-3
50%
Juventus-Genoa 0-0
25%
Empoli-Bologna 0-1
25%
Roma-Sassuolo 1-0
25%
Salernitana-Lecce 0-1
0%
Udinese-Torino 0-2
0%
Nessun quiz corrispondente trovato
Distribuzione punteggi
Percentuale di utenti per punteggio
Percentile per numero di risposta
I tuoi punteggi nel tempo
Non hai fatto questo quiz